Such a long journey (Record no. 821898)

MARC details
000 -LEADER
fixed length control field 00499nam a2200217Ia 4500
008 - FIXED-LENGTH DATA ELEMENTS--GENERAL INFORMATION
fixed length control field 101110s9999 xx 000 0 und d
041 ## - LANGUAGE CODE
Language code of text/sound track or separate title ENGLISH
082 ## - DEWEY DECIMAL CLASSIFICATION NUMBER
Item number SR29387
100 ## - MAIN ENTRY--PERSONAL NAME
Personal name Mistry, Rohinton
245 ## - TITLE STATEMENT
Title Such a long journey
260 ## - PUBLICATION, DISTRIBUTION, ETC. (IMPRINT)
Date of publication, distribution, etc 2002
Name of publisher, distributor, etc Penguin books,London
300 ## - PHYSICAL DESCRIPTION
Extent 339
365 ## - TRADE PRICE
Price amount 279
520 ## - SUMMARY, ETC.
Summary, etc English
546 ## - LANGUAGE NOTE
Language note ENGLISH
630 ## - SUBJECT ADDED ENTRY--UNIFORM TITLE
Uniform title Such a long journey
650 ## - SUBJECT ADDED ENTRY--TOPICAL TERM
Topical term or geographic name as entry element English
655 ## - INDEX TERM--GENRE/FORM
Genre/form data or focus term English
730 ## - ADDED ENTRY--UNIFORM TITLE
Uniform title Such a long journey
942 ## - ADDED ENTRY ELEMENTS (KOHA)
Koha item type Book
Holdings
Withdrawn status Lost status Damaged status Not for loan Home library Current library Shelving location Date acquired Source of acquisition Cost, normal purchase price Shelving control number Total Checkouts Barcode Date last seen Price effective from Koha item type
        D. B. J. College, Chiplun D. B. J. College, Chiplun     Shri ganesh book services,Mumbai Invoice no.41 dt.14/6/07 279.00     DBJSR29387 11/11/2010 11/11/2010 Book